<?xml version="1.0" encoding="UTF-8"?>
<record
    xmlns:xsi="http://www.w3.org/2001/XMLSchema-instance"
    xsi:schemaLocation="http://www.loc.gov/MARC21/slim http://www.loc.gov/standards/marcxml/schema/MARC21slim.xsd"
    xmlns="http://www.loc.gov/MARC21/slim">

  <leader>02435cam a2200349 a 4500</leader>
  <controlfield tag="003">EG-GiCUC</controlfield>
  <controlfield tag="005">20250223031446.0</controlfield>
  <controlfield tag="008">160323s2015    ua h   f m    000 0 eng d</controlfield>
  <datafield tag="040" ind1=" " ind2=" ">
    <subfield code="a">EG-GiCUC</subfield>
    <subfield code="b">eng</subfield>
    <subfield code="c">EG-GiCUC</subfield>
  </datafield>
  <datafield tag="041" ind1="0" ind2=" ">
    <subfield code="a">eng</subfield>
  </datafield>
  <datafield tag="049" ind1=" " ind2=" ">
    <subfield code="a">Deposite</subfield>
  </datafield>
  <datafield tag="097" ind1=" " ind2=" ">
    <subfield code="a">Ph.D</subfield>
  </datafield>
  <datafield tag="099" ind1=" " ind2=" ">
    <subfield code="a">Cai01.11.01.Ph.D.2015.Ah.S</subfield>
  </datafield>
  <datafield tag="100" ind1="0" ind2=" ">
    <subfield code="a">Ahmed Abdelaziz Mohamed</subfield>
  </datafield>
  <datafield tag="245" ind1="1" ind2="0">
    <subfield code="a">Sonographic evaluation of internal jugular vein diameter and cross-sectional area measurements as a tool for perioperative assessment of volume status and fluid therapy in pediatric patients undergoing cardiac surgery / </subfield>
    <subfield code="c">Ahmed Abdelaziz Mohamed ; Supervised Wafaa Mohamed Elsadek , Amal Hanfy AboElaela , Heba Mohamed Nassar</subfield>
  </datafield>
  <datafield tag="246" ind1="1" ind2="5">
    <subfield code="a">&#x62A;&#x642;&#x64A;&#x64A;&#x645; &#x627;&#x644;&#x645;&#x648;&#x62C;&#x627;&#x62A; &#x627;&#x644;&#x635;&#x648;&#x62A;&#x64A;&#x629; &#x644;&#x642;&#x64A;&#x627;&#x633;&#x627;&#x62A; &#x627;&#x644;&#x642;&#x637;&#x631; &#x648; &#x627;&#x644;&#x645;&#x633;&#x627;&#x62D;&#x629; &#x627;&#x644;&#x639;&#x631;&#x636;&#x64A;&#x629; &#x645;&#x646; &#x627;&#x644;&#x648;&#x631;&#x64A;&#x62F; &#x627;&#x644;&#x648;&#x62F;&#x627;&#x62C;&#x649; &#x627;&#x644;&#x62F;&#x627;&#x62E;&#x644;&#x64A; &#x627;&#x62B;&#x646;&#x627;&#x621; &#x627;&#x644;&#x62C;&#x631;&#x627;&#x62D;&#x629; &#x643;&#x648;&#x633;&#x64A;&#x644;&#x629; &#x644;&#x62A;&#x62D;&#x62F;&#x64A;&#x62F; &#x62D;&#x627;&#x644;&#x629; &#x627;&#x644;&#x633;&#x648;&#x627;&#x626;&#x644; &#x62F;&#x627;&#x62E;&#x644; &#x62C;&#x633;&#x645; &#x627;&#x644;&#x623;&#x637;&#x641;&#x627;&#x644; &#x627;&#x644;&#x62E;&#x627;&#x636;&#x639;&#x64A;&#x646; &#x644;&#x639;&#x645;&#x644;&#x64A;&#x627;&#x62A; &#x627;&#x644;&#x642;&#x644;&#x628; </subfield>
  </datafield>
  <datafield tag="260" ind1=" " ind2=" ">
    <subfield code="a">Cairo : </subfield>
    <subfield code="b">Ahmed Abdelaziz Mohamed , </subfield>
    <subfield code="c">2015</subfield>
  </datafield>
  <datafield tag="300" ind1=" " ind2=" ">
    <subfield code="a">88 Leaves : </subfield>
    <subfield code="b">facsimiles ; </subfield>
    <subfield code="c">25cm</subfield>
  </datafield>
  <datafield tag="502" ind1=" " ind2=" ">
    <subfield code="a">Thesis (Ph.D.) - Cairo University - Faculty of Medicine - Department of Anaesthesia</subfield>
  </datafield>
  <datafield tag="520" ind1=" " ind2=" ">
    <subfield code="a">The aim of this study was to compare the ultrasound estimation of the cross sectional area and diameter of internal jugular vein (IJV) with direct estimation of central venous pressure (CVP) and left ventricular end diastolic area (LVEDA) for assessment of intravascular volume in pediatric patients during cardiac surgery. A portable ultrasound machine defined the cross sectional area and diameter of the left internal jugular vein in 16 pediatric patients. CVP was measured directly. Trans-esophageal echo (TEE) was used to estimate LVEDA as another tool for intravascular volume assessment. There was poor correlation between IJV cross sectional area and diameter with CVP and LVEDA. Estimation of CVP using ultrasound of the internal jugular vein is not reliable and cannot be used alone to decide further management</subfield>
  </datafield>
  <datafield tag="530" ind1=" " ind2=" ">
    <subfield code="a">Issued also as CD</subfield>
  </datafield>
  <datafield tag="653" ind1=" " ind2="4">
    <subfield code="a">AVH</subfield>
  </datafield>
  <datafield tag="653" ind1=" " ind2="4">
    <subfield code="a">PVBA</subfield>
  </datafield>
  <datafield tag="653" ind1=" " ind2="4">
    <subfield code="a">VKA</subfield>
  </datafield>
  <datafield tag="700" ind1="0" ind2=" ">
    <subfield code="a">Amal Hanfy AboElaela , </subfield>
    <subfield code="e">Supervisor</subfield>
  </datafield>
  <datafield tag="700" ind1="0" ind2=" ">
    <subfield code="a">Heba Mohamed Nassar , </subfield>
    <subfield code="e">Supervisor</subfield>
  </datafield>
  <datafield tag="700" ind1="0" ind2=" ">
    <subfield code="a">Wafaa Mohamed Elsadek , </subfield>
    <subfield code="e">Supervisor</subfield>
  </datafield>
  <datafield tag="856" ind1=" " ind2=" ">
    <subfield code="u">http://172.23.153.220/th.pdf</subfield>
  </datafield>
  <datafield tag="905" ind1=" " ind2=" ">
    <subfield code="a">Nazla</subfield>
    <subfield code="e">Revisor</subfield>
  </datafield>
  <datafield tag="905" ind1=" " ind2=" ">
    <subfield code="a">Samia</subfield>
    <subfield code="e">Cataloger</subfield>
  </datafield>
  <datafield tag="942" ind1=" " ind2=" ">
    <subfield code="2">ddc</subfield>
    <subfield code="c">TH</subfield>
  </datafield>
  <datafield tag="999" ind1=" " ind2=" ">
    <subfield code="c">55694</subfield>
    <subfield code="d">55694</subfield>
  </datafield>
  <datafield tag="952" ind1=" " ind2=" ">
    <subfield code="2">ddc</subfield>
    <subfield code="7">0</subfield>
    <subfield code="a">CUCL</subfield>
    <subfield code="b">cl210</subfield>
    <subfield code="d">2024-02-11</subfield>
    <subfield code="o">Cai01.11.01.Ph.D.2015.Ah.S</subfield>
    <subfield code="p">01010110068350000</subfield>
    <subfield code="r">2023-09-22 00:00:00</subfield>
    <subfield code="y">TH</subfield>
  </datafield>
  <datafield tag="952" ind1=" " ind2=" ">
    <subfield code="2">ddc</subfield>
    <subfield code="7">0</subfield>
    <subfield code="a">CUCL</subfield>
    <subfield code="b">cl2u8</subfield>
    <subfield code="d">2024-02-11</subfield>
    <subfield code="o">Cai01.11.01.Ph.D.2015.Ah.S</subfield>
    <subfield code="p">01020110068350000</subfield>
    <subfield code="r">2023-09-22 00:00:00</subfield>
    <subfield code="t">68350.CD</subfield>
    <subfield code="y">CD</subfield>
  </datafield>
</record>
